| 000 | 00511nam a22001817a 4500 | ||
|---|---|---|---|
| 003 | CEME | ||
| 005 | 20210628203955.0 | ||
| 008 | 210308b xxu||||| |||| 00| 0 eng d | ||
| 020 | _a0-07-056581-3 | ||
| 040 | _c. | ||
| 082 | _a621.382 SHE'T | ||
| 100 |
_aSherman, Barry L _968096 |
||
| 245 | _aTelecommunication management | ||
| 260 |
_aNEWYORK _bMCGRAW HILL _c1987 |
||
| 300 | _a417P | ||
| 650 |
_aBROADCASTING MANAGEMENT CABLE TELEVISION MANAGEMENT TELECOMMUNICATION MANAGEMENT _968097 |
||
| 942 |
_cBK _2ddc |
||
| 999 |
_c575743 _d575743 |
||